| 000 | 00732naa a2200193 i 4500 | ||
|---|---|---|---|
| 001 | 10569 | ||
| 003 | KOSZ 005 | ||
| 005 | 20180521124713.0 | ||
| 008 | 150908s2006 pl f |000 0 pol | ||
| 040 |
_cBPK _dKOSZ 005/EG |
||
| 041 | _apol | ||
| 080 | _a633.49 | ||
| 100 | 1 |
_aJABŁOŃSKI, Kazimierz. _d1999 - . _bPolitechnika Koszalińska - Wydział Mechaniczny, _cZakład Inżynierii Rolnictwa |
|
| 245 | 1 | 0 |
_aTechnologia uprawy ziemniaków jadalnych i przemysłowych / _cKazimierz Jabłoński. |
| 500 | _aDane z autopsji. | ||
| 650 | 0 | _aZiemniaki - uprawa. | |
| 773 | 0 |
_iW : _tProdukcja ziemniaków : praca zbiorowa / pod red. Jacka Chotkowskiego. - _dWarszawa : Wydaw. Wieś Jutra, 2006. - _gs. 48-71 |
|
| 942 |
_cROZ _2UKD |
||
| 999 |
_c10569 _d10569 |
||